000 00998nam a22002177a 4500
003 BUBTL
008 240304b ||||| |||| 00| 0 eng d
041 _aবাংলা
082 _a340.59/ H7949j/ 2007
100 _95709
_aহোসেন, ব্যারিস্টার ইসতিয়াক
245 _aইসলামিক জুরিসপ্রুডেন্স ও মুসলিম আইন/
_bব্যারিস্টার ইসতিয়াক হোসেন, শাহনাজ পারভীন
250 _a৪র্থ সং
260 _aঢাকা
_bধানসিঁড়ি ‘ল’ বুক সেন্টার
_cc2007
300 _a476p. :
_bill. ; 22 cm.
526 _aLaw
650 0 _92104
_aLaw
700 _95710
_aব্যারিস্টার ইসতিয়াক হোসেন, শাহনাজ পারভীন
856 _k0
_l0
_yDownload
942 _2ddc
_cBK
999 _c7240
_d7240